<?xml version="1.0" encoding="UTF-8"?>
<record
    xmlns:xsi="http://www.w3.org/2001/XMLSchema-instance"
    xsi:schemaLocation="http://www.loc.gov/MARC21/slim http://www.loc.gov/standards/marcxml/schema/MARC21slim.xsd"
    xmlns="http://www.loc.gov/MARC21/slim">

  <leader>00750nam a22002057a 4500</leader>
  <datafield tag="999" ind1=" " ind2=" ">
    <subfield code="c">92735</subfield>
    <subfield code="d">92735</subfield>
  </datafield>
  <controlfield tag="005">20230711113956.0</controlfield>
  <datafield tag="010" ind1=" " ind2=" ">
    <subfield code="a">ENG-112580   ENG-137347</subfield>
  </datafield>
  <datafield tag="020" ind1=" " ind2=" ">
    <subfield code="a">9789381904480</subfield>
    <subfield code="c">495.00</subfield>
  </datafield>
  <datafield tag="035" ind1=" " ind2=" ">
    <subfield code="a">EN-96112    EN-120879</subfield>
  </datafield>
  <datafield tag="037" ind1=" " ind2=" ">
    <subfield code="b">DBAD/PUB</subfield>
  </datafield>
  <datafield tag="082" ind1=" " ind2=" ">
    <subfield code="a">250.30958</subfield>
  </datafield>
  <datafield tag="245" ind1="0" ind2="0">
    <subfield code="a">Trans- Himalayan Buddhism :</subfield>
    <subfield code="c">edited by Suchandana Chatterjee</subfield>
    <subfield code="b">reconnecting spaces, sharing concerns /</subfield>
  </datafield>
  <datafield tag="260" ind1=" " ind2=" ">
    <subfield code="a">New Delhi</subfield>
    <subfield code="b">KW Publishers</subfield>
    <subfield code="c">2013</subfield>
  </datafield>
  <datafield tag="270" ind1=" " ind2=" ">
    <subfield code="a">4676/21, First Floor, Ansari Road, Daryaganj, </subfield>
    <subfield code="b">New Delhi</subfield>
    <subfield code="e">110002</subfield>
  </datafield>
  <datafield tag="300" ind1=" " ind2=" ">
    <subfield code="a">x,120p. : </subfield>
    <subfield code="c">24cm(Hb)</subfield>
    <subfield code="b">ill.</subfield>
  </datafield>
  <datafield tag="500" ind1=" " ind2=" ">
    <subfield code="a"> Includes bibliographical references.</subfield>
  </datafield>
  <datafield tag="650" ind1=" " ind2=" ">
    <subfield code="a"> Buddhism </subfield>
    <subfield code="z">Asia, Central </subfield>
    <subfield code="x">History.</subfield>
  </datafield>
  <datafield tag="700" ind1=" " ind2=" ">
    <subfield code="a"> Chatterjee, Suchandana </subfield>
  </datafield>
  <datafield tag="942" ind1=" " ind2=" ">
    <subfield code="2">ddc</subfield>
    <subfield code="c">EN</subfield>
    <subfield code="m">TRA</subfield>
    <subfield code="h">250.30958</subfield>
  </datafield>
  <datafield tag="952" ind1=" " ind2=" ">
    <subfield code="0">0</subfield>
    <subfield code="1">0</subfield>
    <subfield code="4">0</subfield>
    <subfield code="7">1</subfield>
    <subfield code="8">NFIC</subfield>
    <subfield code="a">DBAD</subfield>
    <subfield code="b">DBAD</subfield>
    <subfield code="d">2015-04-07</subfield>
    <subfield code="e">DBAD/PUB</subfield>
    <subfield code="g">899.00</subfield>
    <subfield code="l">0</subfield>
    <subfield code="o">TRA</subfield>
    <subfield code="p">EN-96112</subfield>
    <subfield code="r">2015-04-07 00:00:00</subfield>
    <subfield code="t">1</subfield>
    <subfield code="v">899.00</subfield>
    <subfield code="w">2015-04-07</subfield>
    <subfield code="y">EN</subfield>
  </datafield>
  <datafield tag="952" ind1=" " ind2=" ">
    <subfield code="0">0</subfield>
    <subfield code="1">0</subfield>
    <subfield code="4">0</subfield>
    <subfield code="7">0</subfield>
    <subfield code="8">NFIC</subfield>
    <subfield code="a">NR</subfield>
    <subfield code="b">NR</subfield>
    <subfield code="d">2023-07-11</subfield>
    <subfield code="e">DBAD/PUB</subfield>
    <subfield code="g">495.00</subfield>
    <subfield code="l">0</subfield>
    <subfield code="o">250.30958 TRA</subfield>
    <subfield code="p">EN-120879</subfield>
    <subfield code="r">2023-07-11 00:00:00</subfield>
    <subfield code="t">1</subfield>
    <subfield code="v">495.00</subfield>
    <subfield code="y">EN</subfield>
  </datafield>
</record>
